2 Samuel : (Record no. 9664)

MARC details
000 -LEADER
fixed length control field 01276cam a2200349 i 4500
001 - CONTROL NUMBER
control field 18140347
003 - CONTROL NUMBER IDENTIFIER
control field GBCCL
005 - DATE AND TIME OF LATEST TRANSACTION
control field 20241126110716.0
008 - FIXED-LENGTH DATA ELEMENTS--GENERAL INFORMATION
fixed length control field 140506s2015 ilu 001 0 eng
010 ## -
-- 2014009505
020 ## - INTERNATIONAL STANDARD BOOK NUMBER
International Standard Book Number 9781433546136 (hc)
040 ## - CATALOGING SOURCE
Original cataloging agency DLC
Language of cataloging eng
Transcribing agency DLC
Description conventions rda
Modifying agency DLC
042 ## -
-- pcc
050 00 -
-- BS1325.53
-- .W663 2015
082 00 - DEWEY DECIMAL CLASSIFICATION NUMBER
Classification number 220.7
-- 222.4407
Edition information 23
Item number PRE
100 1# - MAIN ENTRY--PERSONAL NAME
Personal name Woodhouse, John,
Dates associated with a name 1949-
Relator term author.
9 (RLIN) 16808
245 10 - TITLE STATEMENT
Title 2 Samuel :
Remainder of title your kingdom come /
Statement of responsibility, etc. John Woodhouse ; R. Kent Hughes, series editor.
246 3# -
-- Second Samuel
264 #1 - PRODUCTION, PUBLICATION, DISTRIBUTION, MANUFACTURE, AND COPYRIGHT NOTICE
Place of production, publication, distribution, manufacture Wheaton, Illinois :
Name of producer, publisher, distributor, manufacturer Crossway,
Date of production, publication, distribution, manufacture, or copyright notice [2015]
300 ## - PHYSICAL DESCRIPTION
Extent 711 pages ;
Dimensions 24 cm.
336 ## - CONTENT TYPE
Content type term text
Content type code txt
Source rdacontent
337 ## - MEDIA TYPE
Media type term unmediated
Media type code n
Source rdamedia
338 ## - CARRIER TYPE
Carrier type term volume
Carrier type code nc
Source rdacarrier
490 0# - SERIES STATEMENT
Series statement Preaching the word
500 ## - GENERAL NOTE
General note Includes indexes.
630 00 - SUBJECT ADDED ENTRY--UNIFORM TITLE
Uniform title Bible.
Name of part/section of a work Samuel, 1st
Form subdivision Commentaries.
9 (RLIN) 15619
700 1# - ADDED ENTRY--PERSONAL NAME
Personal name Hughes, R. Kent,
Dates associated with a name 1942-
Relator term editor.
9 (RLIN) 917
776 08 - ADDITIONAL PHYSICAL FORM ENTRY
Relationship information Online version:
Main entry heading Woodhouse, John, 1949- author.
Title 2 Samuel
Place, publisher, and date of publication Wheaton, Illinois : Crossway, 2015
International Standard Book Number 9781433546143
Record control number (DLC) 2014018267
906 ## - LOCAL DATA ELEMENT F, LDF (RLIN)
a 7
b cbc
c orignew
d 1
e ecip
f 20
g y-gencatlg
942 ## - ADDED ENTRY ELEMENTS (KOHA)
Source of classification or shelving scheme Dewey Decimal Classification
Koha item type Reference Books
Holdings
Withdrawn status Lost status Source of classification or shelving scheme Damaged status Not for loan Home library Current Library Shelving location Date acquired Total checkouts Full call number Barcode Date last seen Copy number Price effective from Koha item type
    Dewey Decimal Classification     GRACE BIBLE COLLEGE GRACE BIBLE COLLEGE Commentary 2023-04-17   220.7 PRE 016228 2025-05-01 v.8 2023-04-17 Reference Books
© Grace Bible College Library 2025